=LDR 00000nam 2200000 4500 =001 INLIS000000000015275 =005 20130612110545 =008 ***********************************Ind** =035 ##$$0010-061300000015275 =041 ##$$a Ind =082 ##$$a 635 =090 ##$$a 635.6, Ruk-b =100 ##$$a Sunaryo, Hendro =245 ##$$a Kunci Bercocok Tanam Sayur-sayuran Penting di Indonesia, Hendro Sunaryo =260 ##$$a 1996 $b Bandung =300 ##$$a 154 hlm, Ilus, 21 cm =650 ##$$a Sayur =850 ##$$a NBPNMAT